000 00701nam a22002057a 4500
999 _c19616
_d19616
003 AR-CdUCM
008 190518b ||||| |||| 00| 0 spa d
040 _aMUNICIPALIDAD PROVINCIAL DEL CUSCO
_cBIBLIOTECA MUNICIPAL DEL CUSCO
082 _22ed
_a351.4 /
_bL32
100 _aLazo Amorós, José
_941059
245 _aManual y análisis de los deberes y derechos de los servidores públicos /
260 _aLima :
_bTall. Gráf. de Iberia.
_c1968.
300 _a635 páginas ;
_c22 cm.
505 _aContenido: Funcionarios públicos.
650 _aFuncionarios públicos
_928374
650 _aReglamentos
_98910
650 _aLegislación
_92962
942 _2ddc
_cLIBROS
945 _adavv
_d2019-05-18